Guess the Famous People from their Eyes #36 - Statistics

General Stats
  • This quiz has been taken 142 times
  • The average score is 5 of 16
Answer Stats
Picture Answer % Correct
Cillian Murphy
73%
Cole Sprouse
55%
Niall Horan
51%
Katie Holmes
42%
Forest Whitaker
40%
Katherine Heigl
35%
Marie Curie
27%
Daniel Kaluuya
26%
Bebe Rexha
24%
Frances McDormand
24%
Aaron Rodgers
23%
J. Robert Oppenheimer
18%
Nikki Haley
14%
Seann William Scott
11%
Stephanie McMahon
5%
Alessandra Ambrosio
4%
No matching quizzes found
Score Distribution
Percent of People with Each Score
Percentile by Number Answered
Your Score History
You have not taken this quiz